Patrimonio de Puebla : (Registro nro. 2206)
[ vista simple ]
| 000 -LEADER | |
|---|---|
| fixed length control field | 01185cam a2200301 i 4500 |
| 001 - CONTROL NUMBER | |
| control field | 2206 |
| 003 - CONTROL NUMBER IDENTIFIER | |
| control field | Mx-PuUPA |
| 005 - DATE AND TIME OF LATEST TRANSACTION | |
| control field | 20251027120401.0 |
| 008 - FIXED-LENGTH DATA ELEMENTS--GENERAL INFORMATION | |
| fixed length control field | 140415s2001 mx a gr 001 0 spa d |
| 040 ## - CATALOGING SOURCE | |
| Original cataloging agency | Mx-PuUPA |
| Language of cataloging | spa |
| Transcribing agency | Mx-PuUPA |
| Modifying agency | Mx-PuUPA |
| Description conventions | rda |
| 041 0# - LANGUAGE CODE | |
| Language code of text/sound track or separate title | spa |
| 043 ## - GEOGRAPHIC AREA CODE | |
| Source of local code | mx-mxbn |
| Local GAC code | n-mx-pu |
| 100 1# - MAIN ENTRY--PERSONAL NAME | |
| Personal name | Merlo Juárez, Eduardo, |
| 9 (RLIN) | 368 |
| Relator term | autor |
| 245 10 - TITLE STATEMENT | |
| Title | Patrimonio de Puebla : |
| Remainder of title | siglos XVI - XIX / |
| Statement of responsibility, etc. | Eduardo Merlo ; fotografía, Ángela Arciniaga, Everardo Rivera Flores |
| 264 #1 - PRODUCTION, PUBLICATION, DISTRIBUTION, MANUFACTURE, AND COPYRIGHT NOTICE | |
| Place of production, publication, distribution, manufacture | Puebla, Puebla, México: |
| Name of producer, publisher, distributor, manufacturer | Museo Poblano de Arte Virreinal, |
| Date of production, publication, distribution, manufacture, or copyright notice | 2001 |
| 300 ## - PHYSICAL DESCRIPTION | |
| Extent | 86 páginas : |
| Other physical details | ilustraciones (a color) ; |
| Dimensions | 28 cm |
| 336 ## - CONTENT TYPE | |
| Fuente | rdacontent |
| Content type term | texto |
| Content type code | txt |
| 337 ## - MEDIA TYPE | |
| Source | rdamedia |
| Media type term | sin medio |
| Media type code | n |
| 338 ## - CARRIER TYPE | |
| Source | rdacarrier |
| Carrier type term | volumen |
| Carrier type code | nc |
| 650 #7 - SUBJECT ADDED ENTRY--TOPICAL TERM | |
| Source of heading or term | armarc |
| Topical term or geographic name entry element | Pintura mexicana |
| Geographic subdivision | México, Puebla (Estado) |
| Form subdivision | Exposiciones |
| 650 #7 - SUBJECT ADDED ENTRY--TOPICAL TERM | |
| Source of heading or term | armarc |
| Topical term or geographic name entry element | Pintura colonial |
| Geographic subdivision | México, Puebla (Estado) |
| Form subdivision | Exposiciones |
| 700 1# - ADDED ENTRY--PERSONAL NAME | |
| Personal name | Arciniaga, Ángela, |
| Relator term | fotógrafo |
| 700 1# - ADDED ENTRY--PERSONAL NAME | |
| Personal name | Rivera Flores, Everardo, |
| Relator term | fotógrafo |
| 942 ## - ADDED ENTRY ELEMENTS (KOHA) | |
| Source of classification or shelving scheme | Dewey Decimal Classification |
| Koha item type | Libro |
| Classification part | 759.972 |
| Item part | M55 |
| Withdrawn status | Lost status | Source of classification or shelving scheme | Damaged status | Not for loan | Collection code | Home library | Current library | Shelving location | Date acquired | Source of acquisition | Cost, normal purchase price | Total Checkouts | Full call number | Barcode | Date last seen | Cost, replacement price | Price effective from | Koha item type |
|---|---|---|---|---|---|---|---|---|---|---|---|---|---|---|---|---|---|---|
| Dewey Decimal Classification | Consulta en sala | Puebla | Biblioteca Karol Wojtyla | Biblioteca Karol Wojtyla | Área de silencio | 03/12/2013 | Donación | 0.00 | 759.972 M55 2001 | 62629 | 05/01/2026 | 0.00 | 03/12/2013 | Libro |